Top Goalscorer by Image #1 - Statistics

General Stats
  • This quiz has been taken 980 times
  • The average score is 13 of 20
Answer Stats
Picture Hint Answer % Correct
Real Madrid Cristiano Ronaldo
99%
Manchester United Wayne Rooney
99%
England Harry Kane
98%
Sweden Zlatan Ibrahimović
95%
Chelsea Frank Lampard
92%
France Olivier Giroud
92%
Newcastle United Alan Shearer
87%
Hungary Ferenc Puskás
85%
Germany Miroslav Klose
84%
Roma Francesco Totti
83%
Spain David Villa
82%
Benfica Eusébio
78%
Juventus Alessandro Del Piero
76%
Mexico Javier Hernández
75%
Liverpool Ian Rush
64%
Rangers Ally McCoist
17%
Everton Dixie Dean
17%
Dynamo Kyiv Oleg Blokhin
8%
Borussia Dortmund Alfred Preissler
3%
Ajax Piet van Reenen
2%
No matching quizzes found
Score Distribution
Percent of People with Each Score
Percentile by Number Answered
Your Score History
You have not taken this quiz